| 000 | 02183nam a2200445 a 4500 | ||
|---|---|---|---|
| 001 | ebr10649617 | ||
| 003 | CaPaEBR | ||
| 006 | m u | ||
| 007 | cr cn||||||||| | ||
| 008 | 030909s2004 nyu sb 001 0 eng d | ||
| 010 | _z 2003019941 | ||
| 020 | _z0801439655 (cloth alk. paper) | ||
| 020 | _z9780801439650 (cloth alk. paper) | ||
| 020 | _z9780801472732 (pbk. alk. paper) | ||
| 020 | _z0801472733 (pbk. alk. paper) | ||
| 020 | _z9780801467172 (e-book) | ||
| 040 |
_aCaPaEBR _cCaPaEBR |
||
| 035 | _a(OCoLC)828736634 | ||
| 050 | 1 | 4 |
_aHV6322.7 _b.V35 2004eb |
| 082 | 0 | 4 |
_a364.15/1/0904 _222 |
| 100 | 1 |
_aValentino, Benjamin A., _d1971- |
|
| 245 | 1 | 0 |
_aFinal solutions _h[electronic resource] : _bmass killing and genocide in the twentieth century / _cBenjamin A. Valentino. |
| 246 | 3 | 0 | _aMass killing and genocide in the twentieth century |
| 260 |
_aIthaca, N.Y. : _bCornell University Press, _cc2004. |
||
| 300 | _aviii, 317 p. | ||
| 440 | 0 | _aCornell studies in security affairs | |
| 504 | _aIncludes bibliographical references (p. [255]-309) and index. | ||
| 505 | 0 | _aMass killing and genocide -- The perpetrators and the public -- The strategic logic of mass killing -- Communist mass killings : the Soviet Union, China, and Cambodia -- Ethnic mass killings : Turkish Armenia, Nazi Germany, and Rwanda -- Counterguerrilla mass killings : Guatemala and Afghanistan -- Conclusion : anticipating and preventing mass killing. | |
| 533 |
_aElectronic reproduction. _bPalo Alto, Calif. : _cebrary, _d2013. _nAvailable via World Wide Web. _nAccess may be limited to ebrary affiliated libraries. |
||
| 650 | 0 |
_aGenocide _xHistory _y20th century. |
|
| 650 | 0 |
_aMassacres _xHistory _y20th century. |
|
| 650 | 0 |
_aPolitical atrocities _xHistory _y20th century. |
|
| 650 | 0 |
_aWar crimes _xHistory _y20th century. |
|
| 650 | 0 |
_aCrimes against humanity _xHistory _y20th century. |
|
| 650 | 0 |
_aGenocide _xPrevention. |
|
| 650 | 0 | _aIntervention (International law) | |
| 655 | 7 |
_aElectronic books. _2local |
|
| 710 | 2 | _aebrary, Inc. | |
| 856 | 4 | 0 |
_uhttp://site.ebrary.com/lib/rucke/Doc?id=10649617 _zAn electronic book accessible through the World Wide Web; click to view |
| 999 |
_c74562 _d74562 |
||